00649nam a22002177a 4500003000400000005001700004008004100021010001300062020002200075035002300097037001600120040001500136082001600151100001700167245004600184260004300230270003700273300002100310650004600331650005400377dpl20180818133437.0180818b xxu||||| |||| 00| 0 eng d aA-896444 c75.00a8123005555 aA-896444, A-896453 bCen Lib/Ret aDPLbENc0 a079.54bBHA aBhatt, S. C. aIndian press since 1955 /cby S. C. Bhatt aNew DelhibPublications Divisionc1997 bNew Delhie110001aPatiala House a168p. c23cm(Hb) aPress -- India -- History -- 20th century aJournalism -- India -- History -- 20th centuryv